Science Quiz

Random Science or Animal Quiz

Animals by Species Quiz Stats

 Plays Quiz Updated Mar 21, 2019

Score 0/35 Timer 04:00
0 Plays Today
Species or Breed Animal % Correct
Fruit, Long-nosed, VampireBat
98.1%
Bengal, Sumatran, SiberianTiger
90.6%
Blue, Minke, HumpbackWhale
83.3%
Sea, Bald, GoldenEagle
83.2%
Sweat, Africanized, HoneyBee
81.5%
Spider, Squirrel, ColobusMonkey
80%
Tiger, Nurse, MakoShark
79.9%
Jersey, Angus, LonghornCattle
78.4%
Clydesdale, Quarter, AppaloosaHorse
77.6%
Spotted, Bottlenose, SpinnerDolphin
74.7%
Sun, Sloth, BrownBear
73.3%
Snowy, Scops, ScreechOwl
71.3%
Fennec, Arctic, BatFox
70.3%
Fire, Bull, LeafcutterAnt
69.9%
Muntjac, Fallow, White-TailedDeer
65.7%
Jumping, Mouse, WolfSpider
65.5%
Swallowtail, Monarch, LacewingButterfly
62.8%
Clouded, Persian, SnowLeopard
61.6%
Species or Breed Animal % Correct
Longhorn, Scarab, WaterBeetle
55.3%
Ring-tailed, Golden BambooLemur
54.9%
Coral, Sea, TigerSnake
54.8%
Monk, Elephant, LeopardSeal
50.4%
Holland Lop, Flemish Giant, Dwarf HototRabbit
45.4%
Fairy, King, MacaroniPenguin
41.5%
Red, Fox, Thirteen-lined GroundSquirrel
40.9%
Arctic, Baffin Island, ArabianWolf
40.9%
Chinook, Atlantic, CherrySalmon
33.1%
Mexican Burrowing, African Dwarf, PixieFrog
32.5%
Blue-tongued, Girdled, SpectacledLizard
32.1%
White, Sumatran, BlackRhinoceros
25.1%
Cross River, Western, MountainGorilla
20.3%
Mandarin, Wood, SaxonyDuck
16.6%
Red, Antilopine, Eastern GreyKangaroo
13.4%
Field, Prairie, WaterVole
10.6%
Striped, Hog-Nosed, SpottedSkunk
8%

You're not logged in!

Compare scores with friends on all Sporcle quizzes.
OR
Log In

You Might Also Like...

Show Comments

Extras

Top Quizzes Today


Score Distribution

Your Account Isn't Verified!

In order to create a playlist on Sporcle, you need to verify the email address you used during registration. Go to your Sporcle Settings to finish the process.

Report this User

Report this user for behavior that violates our Community Guidelines.

Details: